000
00333nam a22001457a 4500
008
231013b ||||| |||| 00| 0 eng d
020
_a
9780867209716
041
_a
eng
080
_a
33
082
_a
33HAR
100
_a
23
101
_a
MBE
245
_a
BUSINESS AS ETHICAL AND BUSINESS AS USUAL
_c
HARWOOD .S
942
_2
udc
_c
BK
999
_c
60450
_d
60450